Bridges Accross Borders Network Meeting on Services : (Record no. 893)

MARC details
000 -LEADER
fixed length control field 00461nam a22001577a 4500
005 - DATE AND TIME OF INPUT
control field 20231123115418.0
008 - DATA ELEMENTS--GENERAL INFORMATION
fixed length control field 231123b |||||||| |||| 00| 0 eng d
041 ## - LANGUAGE CODE
Language code of text English
082 ## - SHELF NUMBER
DDC number 341.48 BRI
100 ## - MAIN AUTHOR
Language of a work English
245 ## - TITLE STATEMENT
Title Bridges Accross Borders Network Meeting on Services :
Sub-title Profiles of Associations
260 ## - PUBLICATION, DISTRIBUTION, ETC.
Date of publication, distribution, etc. 2005
300 ## - PHYSICAL DESCRIPTION
Other physical details 70 pages ;
Dimensions 30,3 cm.
650 ## - SUBJECT`
Broad subject Legal practice
Own subject terms Law
942 ## - ADDED ENTRY ELEMENTS (KOHA)
Item type Books
942 ## - ADDED ENTRY ELEMENTS (KOHA)
-- ALISON_BN_VRIES
Holdings
Source of classification or shelving scheme Not for loan Collection code Home library Current library Shelving location Date acquired Full call number Barcode Price effective from Koha item type
Dewey Decimal Classification   TEXT BOOKS LAW SOCIETY OF NAMIBIA LIBRARY - WINDHOEK LAW SOCIETY OF NAMIBIA LIBRARY - WINDHOEK International law and private international law 11/23/2023 341.48 BRI LSN/2009/102 11/23/2023 Books